Využívanie inovácií v malých a stredných podnikoch v Slovenskej republike bakalárska práca

Uložené v:
Podrobná bibliografia
Hlavný autor: Buday, Andrej
Korporativný autor: Fakulta podnikového manažmentu EU. Katedra podnikovohospodárska
Ďalší autori: Bukovová, Sylvia, 1959-
Médium: Kniha
Jazyk:Slovak
Vydavateľské údaje: Bratislava 2018
Tagy: Pridať tag
Žiadne tagy, Buďte prvý, kto otaguje tento záznam!

MARC

LEADER 00000nbm a2200000 4500
001 0244951
005 20181009111400.8
041 0 |a slo 
044 |a SK 
245 1 0 |a Využívanie inovácií v malých a stredných podnikoch v Slovenskej republike  |b bakalárska práca  |c Andrej Buday ; školiteľ: Sylvia Bukovová 
264 1 |a Bratislava  |c 2018 
300 |a 49 s. 
100 1 |a Buday, Andrej 
700 1 |a Bukovová, Sylvia, 1959- 
710 2 |a Fakulta podnikového manažmentu EU. Katedra podnikovohospodárska